Astérix : Mission Cléopâtre (difficile) - Statistiques

Statistiques générales
  • Ce quiz a été pris 83 fois
  • Le résultat moyen est 3 sur 15
Statistiques - réponses
citation Réponse % Correct
Vous ne sortirez jamais de cette pyramide! ...... ...... ...... ..... ....... Ce tombeau sera votre tombeau
83%
Oh! Une grosse ........! fourmie
45%
J'avais pensé à bande de chacals, vous allez crevez comme des chacals, mais ça faisait 2 fois chacal. ............................. Quoi, on dit des chacaux
43%
Par Toutatis, j'ai beau savoir qu'il est tombé dans une marmite de potion magique étant petit, ........................................! Ce garçon m'étonnera toujours
30%
- Feudartifis viens voir ici! Il est pas magnifique ce carrelage?- .............................! Il est magnifique
25%
- mmmmmh, croquant au milieu!- ..........; c'est le noyau
17%
si ils s'en sortent de celle là, je jure de plus ......................! jamais me raser la tête
17%
Je suis sorti du palais en courant, ..................... sans prendre le temps de me changer
12%
Comment dit-on, parle ? .......... ketebece
7%
C'est ça le problème avec toi Amonbofis, ........................................! tu fais toujours comme on fait tout le temps
7%
- Attention Numerobis, je connais des gens de haut rang!- .............. ça serait mieux s'ils venaient d'Alexandrie
3%
Ton peuple, ton peuple, ..................! t'es quand même grecque au départ
2%
Obélix, pour la première fois, tu vas ...................... avoir droit à de la potion magique
0%
- Et comme tu m'as dis que tu me donnerai plein plein de potion magique...- Non Numerobis, je t'ai dis que :" .........................." je verrai ce que je peux faire
0%
- Attention derrière, on sort!- Ouais et tant que vous y êtes, ................................ (interrompu écrasé par la porte de la cellule) si vous pouviez me ramener un paquet de
0%
Aucun quiz correspondant
Distribution des résultats
% des personnes avec chaque résultat
Percentile par nombre de réponses
Votre historique - résultats
Vous n’avez pas pris ce quiz